000 00585nam a2200181 i 4500
001 67855
003 ES-MaACL
005 20230906170147.0
007 t|
008 040206s1956 sp ||||1| spa d
100 1 _aGallart Monés, Francisco.
_9183213
245 1 0 _aLecciones clínicas de patología digestiva /
_cF. Gallart Monés, A. Gallart-Esquerdo, J. Badosa Gaspar.
250 _a[1ª ed.].
260 _aBarcelona, etc. :
_bSalvat,
_c1956 (
_fImp. Hispano-Americana)
300 _aXV, 229 p. :
_bil. ;
_c25 cm.
852 _aES-MaACL
_jC-11240
_bR.38634
999 _c67855
_d67855